| 000 | 00783cas a2200241 a 4500 | ||
|---|---|---|---|
| 005 | 20170710095053.0 | ||
| 008 | 890819c19839999ck qrzp r 0 0b0spa d | ||
| 022 | _a0120-5595 | ||
| 040 |
_aCO-BoBLA _cCO-BoBLA _dCO-BoIAVH |
||
| 041 | 0 | _aspa | |
| 044 | _ack | ||
| 090 | _aSE | ||
| 245 | 0 | 0 |
_aColombia : _bciencia y tecnología |
| 260 |
_aBogotá (Colombia) : _bColciencias, _c1983-. |
||
| 300 |
_bilustraciones ; _c28 x 22 cm. |
||
| 310 | _aq | ||
| 650 | 2 | 6 |
_aTecnología _zColombia _vPublicaciones periódicas |
| 650 | 2 | 6 |
_aCiencia _zColombia _vPublicaciones periódicas |
| 650 | 2 | 6 |
_aInvestigación _zColombia _vPublicaciones periódicas |
| 651 | 6 |
_aColombia _vPublicaciones periódicas |
|
| 710 | 2 | _aColciencias | |
| 942 |
_2z _cREVISTA _s1 |
||
| 999 |
_c16817 _d16817 |
||